[Event "Ulaanbaatar Mica op"]
[Site "Ulaanbaatar"]
[Date "2022.06.20"]
[Round "7"]
[White "Khuseltuguldur, Narangarav"]
[Black "Sukhbat, Gendendorj"]
[Result "1-0"]
[WhiteElo "1674"]
[BlackElo "1904"]
[PlyCount "117"]
[EventDate "2022.06.17"]
[EventType "swiss"]
[EventRounds "9"]
[EventCountry "MGL"]
[SourceTitle "EXT 2023"]
[Source "ChessBase"]
[SourceDate "2022.10.05"]
[SourceVersion "1"]
[SourceVersionDate "2022.10.05"]
[SourceQuality "1"]

1. d4 Nf6 2. Nf3 e6 3. Bf4 c5 4. e3 d5 5. a3 Nc6 6. Nc3 a6 7. Be2 Bd6 8. Bg3 0-0 9. 0-0 Bxg3 10. hxg3 b6 11. Na4 c4 12. b3 Bd7 13. Nc3 cxb3 14. cxb3 b5 15. b4 Ne4 16. Nxe4 dxe4 17. Nd2 f5 18. Nb3 Ne7 19. Nc5 Bc8 20. a4 bxa4 21. Qxa4 Qb6 22. Rfc1 Nd5 23. b5 a5 24. Bc4 Qd6 25. Qb3 Rf6 26. Bxd5 exd5 27. Rcb1 Rf7 28. b6 Bb7 29. Qb5 Bc6 30. Rxa5 Rb8 31. Qb4 Qd8 32. Na6 Rc8 33. Rc5 Rb7 34. Ra5 f4 35. exf4 e3 36. fxe3 Qe8 37. Qd2 Qg6 38. Rb2 Qxg3 39. Qf2 Qg4 40. Qe1 Re7 41. Nc5 Rce8 42. b7 Rb8 43. Ra8 Ree8 44. Rxb8 Rxb8 45. Rb6 Qg6 46. Qb1 Qe8 47. Kf2 g5 48. Na6 gxf4 49. Nxb8 Qxe3+ 50. Kf1 f3 51. Qc2 f2 52. Qxf2 Qc1+ 53. Ke2 Qc2+ 54. Kf3 Qd3+ 55. Kg4 h5+ 56. Kg5 Be8 57. Rf6 h4 58. Rf8+ Kh7 59. Qxh4+ 1-0

[Event "Ulaanbaatar Mica op"]
[Site "Ulaanbaatar"]
[Date "2022.06.20"]
[Round "6"]
[White "Sukhbat, Gendendorj"]
[Black "Galmandakh, Badrakh"]
[Result "1/2-1/2"]
[WhiteElo "1904"]
[BlackElo "2246"]
[PlyCount "66"]
[EventDate "2022.06.17"]
[EventType "swiss"]
[EventRounds "9"]
[EventCountry "MGL"]
[SourceTitle "EXT 2023"]
[Source "ChessBase"]
[SourceDate "2022.10.05"]
[SourceVersion "1"]
[SourceVersionDate "2022.10.05"]
[SourceQuality "1"]

1. e4 d6 2. d4 Nf6 3. Nc3 e5 4. Nf3 Nbd7 5. Bc4 Be7 6. 0-0 0-0 7. a4 a5 8. h3 c6 9. Be3 exd4 10. Bxd4 Qc7 11. Be3 Ne5 12. Bb3 Re8 13. Ng5 Rf8 14. f4 Ng6 15. Qd3 Nd7 16. Nf3 Nc5 17. Qd2 Nxb3 18. cxb3 f5 19. exf5 Bxf5 20. g4 Bd7 21. Rac1 Qd8 22. f5 Nh8 23. Ne4 Nf7 24. Rfd1 Bc8 25. Bd4 d5 26. Ng3 Ng5 27. Nxg5 Bxg5 28. Qc3 Bxc1 29. Qxc1 Bd7 30. Nh5 Rf7 31. Qc3 Qg5 32. Be3 Qh4 33. Bf2 Qg5 1/2-1/2

[Event "Ulaanbaatar Mica op 2nd"]
[Site "Ulaanbaatar"]
[Date "2022.03.26"]
[Round "7"]
[White "Sukhbat, Gendendorj"]
[Black "Sodbilegt, Naranbold"]
[Result "1-0"]
[WhiteElo "1861"]
[BlackElo "1744"]
[PlyCount "65"]
[EventDate "2022.03.23"]
[EventType "swiss"]
[EventRounds "9"]
[EventCountry "MGL"]
[SourceTitle "CBM 207 Extra"]
[Source "ChessBase"]
[SourceDate "2022.05.31"]
[SourceVersion "1"]
[SourceVersionDate "2022.05.31"]
[SourceQuality "1"]

1. e4 c5 2. Nf3 d6 3. c3 Nf6 4. Bc4 e6 5. Qe2 Be7 6. 0-0 0-0 7. Bb3 b6 8. d3 Bb7 9. Rd1 Qc7 10. h3 Nbd7 11. Nbd2 Qc6 12. Nf1 b5 13. Ng3 Rfd8 14. Bc2 Ne5 15. Nh2 c4 16. d4 Nd3 17. Bg5 Nxb2 18. d5 Qc7 19. Rdb1 Nd3 20. Rxb5 Ba6 21. Rbb1 exd5 22. Nf5 dxe4 23. Ng4 Bc8 24. Nfh6+ Kf8 25. Nxf6 Bxf6 26. Bxf6 gxf6 27. Qxe4 Be6 28. Qxh7 Ne5 29. Bf5 Bd5 30. Rb5 Bc6 31. Rxe5 dxe5 32. Qg8+ Ke7 33. Qxf7+ 1-0

[Event "Ulaanbaatar Mica op 2nd"]
[Site "Ulaanbaatar"]
[Date "2022.03.25"]
[Round "5"]
[White "Sukhbat, Gendendorj"]
[Black "Danzanjunai, Ganbat"]
[Result "1-0"]
[WhiteElo "1861"]
[BlackElo "1578"]
[PlyCount "83"]
[EventDate "2022.03.23"]
[EventType "swiss"]
[EventRounds "9"]
[EventCountry "MGL"]
[SourceTitle "CBM 207 Extra"]
[Source "ChessBase"]
[SourceDate "2022.05.31"]
[SourceVersion "1"]
[SourceVersionDate "2022.05.31"]
[SourceQuality "1"]

1. e4 c6 2. d4 d5 3. e5 Bf5 4. g4 Be4 5. f3 Bg6 6. e6 fxe6 7. h4 h5 8. Bd3 Bxd3 9. Qxd3 Qd6 10. Ne2 hxg4 11. fxg4 Nd7 12. Qg6+ Kd8 13. Nf4 Ngf6 14. Qf7 g5 15. Ne2 Rg8 16. hxg5 Rg7 17. Qxg7 Bxg7 18. gxf6 Nxf6 19. Nbc3 e5 20. dxe5 Qxe5 21. Bf4 Qe6 22. 0-0-0 Ne4 23. Nxe4 Qxe4 24. Rhe1 Qa4 25. Kb1 e5 26. Nd4 exf4 27. Ne6+ Kd7 28. Nc5+ Kd6 29. Nxa4 f3 30. Nc3 Rg8 31. Rd3 Rf8 32. Rf1 d4 33. Ne4+ Ke5 34. Ng5 f2 35. Nf3+ Kf4 36. Rxf2 Kg3 37. Rf1 Kg2 38. Rg1+ Kf2 39. Rh1 c5 40. Nd2 Re8 41. Rh2+ Kg1 42. Nf3+ 1-0